| 000 | 00517cas a22001815a 4500 | ||
|---|---|---|---|
| 001 | L138764 | ||
| 008 | 070710c1995 xxkzr p 0 a0eng u | ||
| 035 | _a(Sirsi) u138764 | ||
| 041 | 0 | _aeng | |
| 110 | 2 |
_aFederation Internationale des Geometres _95065 |
|
| 245 | 0 | 0 |
_aCommission 8 Spatial Planning and Development _bNewsletter |
| 260 |
_aS.l. _bFIG _c1995- |
||
| 362 | 0 | _a(1) 1995 | |
| 554 | _aUnknown | ||
| 651 | 4 | _aInternational | |
| 690 | _aMANAGEMENT-BUSINESS MANAGEMENT-PROFESSIONAL PRACTICE | ||
| 942 | _n0 | ||
| 999 |
_c119027 _d119027 |
||